Methods of numerical integration /

Guardado en:
Autor Principal: Davis, Philip J., 1923-
Otros Autores: Rabinowitz, Philip.
Formato: Libro
Idioma:English
Publicado: New York : Academic Press, 1975.
Series:Computer science and applied mathematics
Materias:
Etiquetas: Agregar Etiqueta
Sin Etiquetas, Sea el primero en etiquetar este registro!
LEADER 00766pam a22002295a 4500
001 EIQ.libpla000173
008 740410s1975####nyu######b####001#0#eng#d
005 20060509184216.0
245 1 0 |a Methods of numerical integration /  |c Philip J. Davis, Philip Rabinowitz. 
260 |a New York :  |b Academic Press,  |c 1975. 
300 |a xii, 459 p. ;  |c 24 cm. 
490 0 |a Computer science and applied mathematics 
504 |a Bibliografía: p. 401-451. 
020 |a 0122063503 
100 1 |a Davis, Philip J.,  |d 1923- 
700 1 |a Rabinowitz, Philip. 
082 0 0 |a 515/.624 
650 4 |a Integración numérica  |x Métodos. 
650 4 |a Numerical integration  |x Methods. 
010 |a  73018976  
040 |a DLC  |c DLC  |d AR-BbSID 
859 |a AR-BbSID  |b BIB. PLAPIQUI  |h 515.624  |i D 296  |p 217